000 00267nam a2200133Ia 4500
008 240624s9999 xx 000 0 und d
041 _aeng
082 _a823 BRO
100 _aBROWN DAN
245 _aORIGIN
260 _c2017
300 _a480 p.
365 _c
_b30
999 _c30183
_d30183